Normal view MARC view
  • Derechos de los niños

Entry Materia

Number of records used in: 2

001 - NÚMERO DE CONTROL DEL REGISTRO

  • campo de control: 14305

003 - IDENTIFICADOR DE NUMERO DE CONTROL

  • campo de control: MX-MxUPN

005 - FECHA Y HORA DE LA ÚLTIMA TRANSACCIÓN

  • campo de control: 20240108131639.0

008 - DATOS DE LONGITUD FIJA

  • campo de control de longitud fija: 240108nn fnannaabb n ana |d

035 ## - NÚMERO DE CONTROL DEL SISTEMA

  • Número de control del sistema: UPN10000014313

040 ## - FUENTE DE LA CATALOGACIÓN

  • Lengua de catalogación: spa
  • Agencia de transcripción: MX-MxUPN

150 ## - ENCABEZAMIENTO - TEMÁTICO

  • Término de materia o nombre geográfico como elemento inicial: Derechos de los niños
  • Subdivisión de forma: Congresos

670 ## - FUENTE EN LA QUE SE LOCALIZARON DATOS

  • Cita de la fuente: LC Authorities, 8 enero 2024 :
  • Información localizada: (Childrens right's - Congresses)
  • Identificador Uniforme del Recurso: https://lccn.loc.gov/sh2009119098

902 ## - CATALOGADOR

  • Catalogador: CAA/300103
  • Catalogador: VíctorGodínez/080124